| 000 | 02690nam a2200337 a 4500 | ||
|---|---|---|---|
| 008 | 080214s1998 ||||||||||||||||| || u | ||
| 020 | _a0137125151 | ||
| 050 | _aQA 152.2 Wil | ||
| 100 | _aWells, David | ||
| 245 | 1 | 0 |
_aAgebra and trigonometry: a view of the world around us. _cDavid Wells; Lynn Tilson |
| 260 |
_aUpper Saddle River, N. J. _bPrentice Hall _c1998 |
||
| 300 | _axviii, 316p.: ill. | ||
| 350 | _a0.00 | ||
| 650 | 0 | _aALGEBRA | |
| 650 | 0 | _aTRIGONOMETRY | |
| 650 | 0 | _aALGEBRAS, LINEAR | |
| 700 | _aTilson, Lynn | ||
| 995 |
_aTEXTBOOKS (SBE) _D0.00 _e2220 _FCBU-SCHOOL TEXTBOOK COLLECTIONS _H1 _I0.00 _jSCHOOL TEXTBOOK _M7 _UAVAILABLE _WNov 20, 2008 _y2220 _ZSchool Collections |
||
| 995 |
_aANNEX COLLECTION (Main Library) _D0.00 _e738452 _FCBU-MAIN LIBRARY (Kitwe) _H1 _I0.00 _jQA 152.2 Wil WEL _M2 _UAVAILABLE _WFeb 14, 2008 _y738452 _ZAnnex Low-Usage Collection |
||
| 995 |
_aMAIN LIBRARY OPEN ACCESS _D0.00 _e738453 _FCBU-MAIN LIBRARY (Kitwe) _H1 _I0.00 _jQA 152.2 Wil WEL _M3 _UAVAILABLE _WFeb 14, 2008 _y738453 _ZMain Library Open Access Collection |
||
| 995 |
_aTEXTBOOKS (SNR) _D0.00 _e4110 _FCBU-SCHOOL TEXTBOOK COLLECTIONS _H1 _I0.00 _jSCHOOL TEXTBOOK _M11 _UAVAILABLE _WAug 10, 2009 _y4110 _ZSchool Collections |
||
| 995 |
_aTEXTBOOKS (SBE) _D0.00 _e2223 _FCBU-SCHOOL TEXTBOOK COLLECTIONS _H1 _I0.00 _jSCHOOL TEXTBOOK _M10 _UAVAILABLE _WNov 20, 2008 _y2223 _ZSchool Collections |
||
| 995 |
_aTEXTBOOKS (SBE) _D0.00 _e2221 _FCBU-SCHOOL TEXTBOOK COLLECTIONS _H1 _I0.00 _jSCHOOL TEXTBOOK _M8 _UAVAILABLE _WNov 20, 2008 _y2221 _ZSchool Collections |
||
| 995 |
_aTEXTBOOKS (SBE) _D0.00 _e2222 _FCBU-SCHOOL TEXTBOOK COLLECTIONS _H1 _I0.00 _jSCHOOL TEXTBOOK _M9 _UAVAILABLE _WNov 20, 2008 _y2222 _ZSchool Collections |
||
| 995 |
_aANNEX COLLECTION (Main Library) _D0.00 _e738455 _FCBU-MAIN LIBRARY (Kitwe) _H1 _I0.00 _jQA 152.2 Wil WEL _M5 _UAVAILABLE _WFeb 14, 2008 _y738455 _ZAnnex Low-Usage Collection |
||
| 995 |
_aTEXTBOOKS (SNR) _D0.00 _e4112 _FCBU-SCHOOL TEXTBOOK COLLECTIONS _H1 _I0.00 _jSCHOOL TEXTBOOK _M13 _UAVAILABLE _WAug 10, 2009 _y4112 _ZSchool Collections |
||
| 995 |
_aMAIN LIBRARY OPEN ACCESS _D0.00 _e738454 _FCBU-MAIN LIBRARY (Kitwe) _H1 _I0.00 _jQA 152.2 Wil WEL _M4 _UAVAILABLE _WFeb 14, 2008 _y738454 _ZMain Library Open Access Collection |
||
| 995 |
_aTEXTBOOKS (SBE) _D0.00 _e2182 _FCBU-SCHOOL TEXTBOOK COLLECTIONS _H1 _I0.00 _jSCHOOL TEXTBOOK _M6 _UAVAILABLE _WNov 20, 2008 _y2182 _ZSchool Collections |
||
| 995 |
_aTEXTBOOKS (SNR) _D0.00 _e4111 _FCBU-SCHOOL TEXTBOOK COLLECTIONS _H1 _I0.00 _jSCHOOL TEXTBOOK _M12 _UAVAILABLE _WAug 10, 2009 _y4111 _ZSchool Collections |
||
| 995 |
_aMAIN LIBRARY OPEN ACCESS _D0.00 _e738451 _FCBU-MAIN LIBRARY (Kitwe) _H1 _I0.00 _jQA 152.2 WEL _M1 _UAVAILABLE _WFeb 14, 2008 _y738451 _ZMain Library Open Access Collection |
||
| 999 |
_c83832 _d83832 |
||